000
00309nam a22001457a 4500
003
SGT
082
_a
615.53
_b
C10S
100
_a
SHARMA, ANANTRAM
245
_a
CHARAK SAMHITA
250
_a
1ST
260
_a
VARANASI
_b
CHAUKHAMBHA PUB
_c
2010
300
_a
392
650
_a
CHARAK SAMHITA
942
_2
ddc
_c
BK
_0
5
999
_c
8727
_d
8727